改札が1つのみの駅の乗降客数TOP20 - Statistics

General Stats
  • This quiz has been taken 35 times
  • The average score is 8 of 20
Answer Stats
# 乗降客数 都道府県 駅名 % Correct
1 178,890 千葉県 津田沼
79%
5 150,122 埼玉県 川口
68%
11 109,948 埼玉県 西川口
64%
4 152,331 埼玉県 朝霞台
61%
14 104,686 神奈川県 茅ケ崎
61%
6 144,284 埼玉県 南越谷
57%
8 136,010 埼玉県 北朝霞
57%
10 110,620 埼玉県 南浦和
54%
9 111,724 埼玉県
50%
15 103,486 神奈川県 東戸塚
50%
18 100,744 埼玉県 武蔵浦和
50%
13 107,440 埼玉県 さいたま新都心
43%
2 155,920 神奈川県 武蔵溝ノ口
39%
19 99,396 東京都 金町
25%
20 98,492 東京都 新大久保
25%
12 108,702 東京都 大塚
21%
3 154,802 東京都 八王子
18%
17 101,288 千葉県 京成津田沼
14%
7 139,728 東京都 赤羽岩淵
7%
16 101,346 神奈川県 新杉田
4%
No matching quizzes found
Score Distribution
Percent of People with Each Score
Percentile by Number Answered
Your Score History
You have not taken this quiz